有馬記念 勝利種牡馬クイズ - Statistics

General Stats
  • This quiz has been taken 67 times
    62 since last reset
  • The average score is 7 of 14
Answer Stats
種牡馬名 勝利
回数
勝利した馬 % Correct
サンデーサイレンス 5 マンハッタンカフェ、ゼンノロブロイなど
98%
ステイゴールド 4 オルフェーヴル(2回)、ゴールドシップなど
90%
ディープインパクト 2 ジェンティルドンナ、サトノダイヤモンド
88%
ハーツクライ 2 リスグラシュー、ドウデュース
73%
ブライアンズタイム 3 ナリタブライアン、マヤノトップガンなど
71%
パーソロン 2 シンボリルドルフ(2回)
51%
ノーザンテースト 2 ダイナガリバー、アンバーシャダイ
45%
クリスエス 2 シンボリクリスエス(2回)
45%
ダンシングキャップ 2 オグリキャップ(2回)
29%
シルヴァーホーク 2 グラスワンダー(2回)
25%
ヒンドスタン 3 シンザン、ヤマトキヨウダイなど
14%
ロイヤルチャレンジャー 2 スピードシンボリ(2回)
10%
トサミドリ 2 ガーネツト、ホマレボシ
8%
マロット 2 イシノヒカル、イシノアラシ
4%
No matching quizzes found
Score Distribution
Percent of People with Each Score
Percentile by Number Answered
Your Score History
You have not taken this quiz since the last reset